[Event "Boadilla del Monte-B"]
[Site "Boadilla del Monte"]
[Date "2007.05.05"]
[Round "5.1"]
[White "Gonzalez Somoza, Oliver"]
[Black "Valles Moreno, Ivan"]
[Result "1-0"]
[WhiteElo "2309"]
[BlackElo "2399"]
[PlyCount "101"]
[EventDate "2007.05.05"]
[EventType "tourn (rapid)"]
[EventRounds "5"]
[EventCountry "ESP"]
[SourceTitle "EXT 2009"]
[Source "ChessBase"]
[SourceDate "2008.11.26"]
[SourceVersion "1"]
[SourceVersionDate "2008.11.26"]
[SourceQuality "1"]

1. d4 Nf6 2. c4 c5 3. d5 e5 4. Nc3 d6 5. g3 Be7 6. Bg2 Na6 7. Nf3 Nc7 8. 0-0 0-0 9. e4 b5 10. cxb5 Rb8 11. a4 a6 12. b6 Rxb6 13. Nd2 Rb4 14. b3 Bg4 15. f3 Bd7 16. Ba3 Rb7 17. Nc4 Na8 18. f4 Bg4 19. Qc2 exf4 20. gxf4 Ne8 21. e5 f5 22. Bxc5 dxc5 23. d6 Rb8 24. dxe7 Qxe7 25. Nd5 Qh4 26. Na5 Rc8 27. Qc4 Kh8 28. Qxa6 Nec7 29. Nxc7 Nxc7 30. Qc4 Bh5 31. Nb7 Bf7 32. Qxc5 Ne6 33. Qf2 Qh6 34. Nd6 Rb8 35. a5 Rb4 36. Qd2 Rd4 37. Qc1 Bh5 38. a6 Be2 39. a7 Bxf1 40. a8Q Bxg2 41. Nf7+ Kg8 42. Nxh6+ gxh6 43. Qxf8+ Kxf8 44. Qc8+ Nd8 45. Qxf5+ Ke7 46. Ra7+ Bb7 47. Qf6+ Ke8 48. Qh8+ Kd7 49. e6+ Nxe6 50. Rxb7+ Kc6 51. Qc8+ 1-0

[Event "Patrimonio op 1st"]
[Site "Alcala de Henares"]
[Date "2006.10.10"]
[Round "4"]
[White "Hernandez Carmenates, Holden"]
[Black "Gonzalez Somoza, Oliver"]
[Result "1-0"]
[WhiteElo "2524"]
[BlackElo "2294"]
[PlyCount "43"]
[EventDate "2006.10.07"]
[EventType "swiss"]
[EventRounds "9"]
[EventCountry "ESP"]
[SourceTitle "CBM 114 Extra"]
[Source "ChessBase"]
[SourceDate "2006.11.03"]
[SourceVersion "1"]
[SourceVersionDate "2006.11.03"]
[SourceQuality "1"]

1. d4 d5 2. c4 c6 3. Nc3 e6 4. e3 f5 5. Bd3 Nf6 6. Qc2 Ne4 7. Bxe4 fxe4 8. f3 exf3 9. Nxf3 Bb4 10. 0-0 Nd7 11. e4 Bxc3 12. bxc3 Nf6 13. Bg5 dxe4 14. Nd2 Qa5 15. Bxf6 gxf6 16. Nxe4 f5 17. Nd6+ Ke7 18. c5 b6 19. Qe2 Ba6 20. Qe5 bxc5 21. Nxf5+ Kd7 22. Qd6+ 1-0

[Event "ESP-ch Universities"]
[Site "Madrid"]
[Date "2006.05.07"]
[Round "4"]
[White "Hinojar Basa, Alfonso"]
[Black "Gonzalez Somoza, Oliver"]
[Result "0-1"]
[WhiteElo "2173"]
[BlackElo "2233"]
[PlyCount "80"]
[EventDate "2006.05.06"]
[EventType "team"]
[EventRounds "8"]
[EventCountry "ESP"]
[SourceTitle "CBM 112 Extra"]
[Source "ChessBase"]
[SourceDate "2006.07.14"]
[SourceVersion "1"]
[SourceVersionDate "2006.07.14"]
[SourceQuality "1"]

1. e4 e5 2. Nf3 Nc6 3. Bb5 f5 4. Nc3 d6 5. d4 exd4 6. Nxd4 Bd7 7. Nxf5 g6 8. Ng3 Bg7 9. 0-0 a6 10. Bc4 Ne5 11. Bb3 Qh4 12. Nd5 0-0-0 13. Qd2 Bb5 14. Qg5 Qxg5 15. Bxg5 Rf8 16. Rfd1 h6 17. Be3 Ng4 18. c4 Bc6 19. Bd4 Bxd4 20. Rxd4 Bxd5 21. exd5 N8f6 22. f3 Ne5 23. Ne2 g5 24. Rd2 Nfd7 25. Nd4 Nc5 26. Rc1 Rf4 27. Rc3 g4 28. Bd1 gxf3 29. Bxf3 Rhf8 30. Rd1 R8f6 31. b3 a5 32. Kf2 Ne4+ 33. Ke3 Nxc3 34. Rd2 Nxf3 35. gxf3 a4 36. Kd3 Rxf3+ 37. Nxf3 Rxf3+ 38. Kd4 axb3 39. axb3 c5+ 40. dxc6 bxc6 0-1

[Event "Madrid-ch"]
[Site "Madrid"]
[Date "2006.03.16"]
[Round "10"]
[White "Pastor Alonso de Prado, Emilio Alberto"]
[Black "Gonzalez Somoza, Oliver"]
[Result "1/2-1/2"]
[WhiteElo "2192"]
[BlackElo "2218"]
[PlyCount "65"]
[EventDate "2006.03.01"]
[EventType "tourn"]
[EventRounds "11"]
[EventCountry "ESP"]
[SourceTitle "CBM 111 Extra"]
[Source "ChessBase"]
[SourceDate "2006.05.09"]
[SourceVersion "1"]
[SourceVersionDate "2006.05.09"]
[SourceQuality "1"]

1. e4 c5 2. Nf3 d6 3. c3 Nf6 4. Bb5+ Bd7 5. Bxd7+ Nbxd7 6. Qe2 g6 7. d4 e5 8. dxe5 dxe5 9. 0-0 Bg7 10. Rd1 Qc7 11. Na3 a6 12. Nc4 0-0 13. a4 b6 14. Bg5 h6 15. Bxf6 Nxf6 16. Rd2 b5 17. Ne3 c4 18. Nd5 Nxd5 19. Rxd5 Rad8 20. Rad1 Rxd5 21. Rxd5 Rd8 22. Qd1 Rxd5 23. Qxd5 Qa5 24. g3 Qxa4 25. Nh4 Qa1+ 26. Kg2 Qxb2 27. Nxg6 Qa3 28. Qd8+ Bf8 29. Nh4 Qe7 30. Qa8 Qe6 31. Nf5 Qb6 32. h4 a5 33. Ne7+ 1/2-1/2

[Event "Madrid-ch"]
[Site "Madrid"]
[Date "2006.03.15"]
[Round "9"]
[White "Gonzalez Somoza, Oliver"]
[Black "Perez Marco, Ricardo"]
[Result "1-0"]
[WhiteElo "2218"]
[BlackElo "2217"]
[PlyCount "119"]
[EventDate "2006.03.01"]
[EventType "tourn"]
[EventRounds "11"]
[EventCountry "ESP"]
[SourceTitle "CBM 111 Extra"]
[Source "ChessBase"]
[SourceDate "2006.05.09"]
[SourceVersion "1"]
[SourceVersionDate "2006.05.09"]
[SourceQuality "1"]

1. d4 Nf6 2. c4 c5 3. d5 b5 4. cxb5 a6 5. bxa6 Bxa6 6. g3 g6 7. b3 Bg7 8. Bb2 d6 9. Bg2 0-0 10. Nh3 Nbd7 11. 0-0 Ra7 12. Qc2 Qa8 13. Rd1 Rb8 14. Na3 Bc8 15. Nc4 Rxa2 16. b4 Ra6 17. Na5 Bb7 18. Nc6 Re8 19. b5 Rxa1 20. Rxa1 Qc8 21. Nf4 g5 22. Nh3 h6 23. f4 g4 24. Nf2 e6 25. dxe6 Rxe6 26. Qf5 Rxe2 27. Bxf6 Bxf6 28. Qxg4+ Kh8 29. Qxe2 Bxa1 30. Bh3 Bd4 31. Qe7 Bxc6 32. bxc6 Qxc6 33. Bxd7 Qd5 34. Kf1 Kg7 35. Qe4 Qc4+ 36. Qe2 Qd5 37. Bb5 Qb7 38. Ne4 Kf8 39. f5 d5 40. Nd6 Qb8 41. Qe8+ Qxe8 42. Nxe8 Be5 43. f6 c4 44. Ng7 Bxf6 45. Nf5 Bg5 46. Ke2 h5 47. Bc6 d4 48. Nxd4 Ke7 49. Nf3 Bf6 50. Bd5 c3 51. Kd3 h4 52. g4 h3 53. Bb3 Bg7 54. Ke4 Kf6 55. Kf4 Kg6 56. Bc2+ Kh6 57. g5+ Kh5 58. Kf5 Bf8 59. Bb3 Bd6 60. Bxf7# 1-0

[Event "Madrid-ch"]
[Site "Madrid"]
[Date "2006.03.14"]
[Round "8"]
[White "Almagro Llamas, Pablo"]
[Black "Gonzalez Somoza, Oliver"]
[Result "1-0"]
[WhiteElo "2340"]
[BlackElo "2218"]
[PlyCount "53"]
[EventDate "2006.03.01"]
[EventType "tourn"]
[EventRounds "11"]
[EventCountry "ESP"]
[SourceTitle "CBM 111 Extra"]
[Source "ChessBase"]
[SourceDate "2006.05.09"]
[SourceVersion "1"]
[SourceVersionDate "2006.05.09"]
[SourceQuality "1"]

1. e4 c5 2. Nf3 Nc6 3. Bb5 e6 4. Bxc6 bxc6 5. 0-0 d5 6. d3 g6 7. Be3 Ba6 8. Nbd2 Nf6 9. Re1 Nd7 10. c4 d4 11. Bf4 Qf6 12. Bg5 Qg7 13. Qa4 Bb7 14. Nb3 f6 15. Bd2 Bd6 16. Na5 Nb6 17. Qa3 Rb8 18. Nxd4 Bxh2+ 19. Kxh2 cxd4 20. Qd6 Nd7 21. Nxb7 Rxb7 22. Qxe6+ Qe7 23. Qxc6 Rxb2 24. Rab1 Qe5+ 25. Kg1 Qb8 26. Qe6+ Kd8 27. Ba5+ 1-0

[Event "Madrid-ch"]
[Site "Madrid"]
[Date "2006.03.10"]
[Round "7"]
[White "Gonzalez Somoza, Oliver"]
[Black "Perez Gonzalez, Jose Manuel"]
[Result "1-0"]
[WhiteElo "2218"]
[BlackElo "2262"]
[PlyCount "97"]
[EventDate "2006.03.01"]
[EventType "tourn"]
[EventRounds "11"]
[EventCountry "ESP"]
[SourceTitle "CBM 111 Extra"]
[Source "ChessBase"]
[SourceDate "2006.05.09"]
[SourceVersion "1"]
[SourceVersionDate "2006.05.09"]
[SourceQuality "1"]

1. d4 Nf6 2. c4 c5 3. d5 b5 4. cxb5 a6 5. bxa6 Bxa6 6. b3 g6 7. Bb2 Bg7 8. d6 exd6 9. Qxd6 Ne4 10. Qf4 Bxb2 11. Qxe4+ Qe7 12. Qxa8 0-0 13. Nd2 Bxa1 14. Ngf3 Re8 15. e3 Bxf1 16. Kxf1 Nc6 17. Qa4 Nb4 18. g3 Bc3 19. Kg2 Bxd2 20. Nxd2 Qd6 21. Nf3 Qd5 22. a3 Nd3 23. Qc4 Qxc4 24. bxc4 Ra8 25. Ra1 Ra4 26. Nd2 Ne5 27. f4 Nxc4 28. Nxc4 Rxc4 29. a4 Re4 30. Kf3 d5 31. a5 Re7 32. a6 Ra7 33. e4 d4 34. e5 f5 35. exf6 Kf7 36. Ke4 Kxf6 37. Kd5 d3 38. Kxc5 d2 39. Kb6 Ra8 40. a7 Re8 41. Rd1 Re6+ 42. Kb5 Re1 43. Rxd2 Rb1+ 44. Kc6 Ra1 45. Rd6+ Ke7 46. Rd7+ Ke6 47. Rxh7 Rc1+ 48. Kb7 Rb1+ 49. Kc8 1-0

[Event "Madrid-ch"]
[Site "Madrid"]
[Date "2006.03.09"]
[Round "6"]
[White "Vazquez Igarza, Renier"]
[Black "Gonzalez Somoza, Oliver"]
[Result "1-0"]
[WhiteElo "2513"]
[BlackElo "2218"]
[PlyCount "67"]
[EventDate "2006.03.01"]
[EventType "tourn"]
[EventRounds "11"]
[EventCountry "ESP"]
[SourceTitle "CBM 111 Extra"]
[Source "ChessBase"]
[SourceDate "2006.05.09"]
[SourceVersion "1"]
[SourceVersionDate "2006.05.09"]
[SourceQuality "1"]

1. Nf3 d5 2. d4 Bg4 3. c3 c6 4. h3 Bxf3 5. exf3 Nd7 6. f4 e6 7. Bd3 Bd6 8. g3 f5 9. 0-0 Qf6 10. Re1 h5 11. Qe2 Nf8 12. h4 Qg6 13. Be3 Nf6 14. Nd2 Ne4 15. Nf3 Qg4 16. Ne5 Qxe2 17. Rxe2 Nf6 18. c4 g6 19. c5 Bc7 20. b4 Ng4 21. Bd2 Nxe5 22. fxe5 a6 23. a4 Kd7 24. Be3 Nh7 25. Rea2 Rhg8 26. Kg2 Ra7 27. b5 axb5 28. axb5 Rxa2 29. Rxa2 Rb8 30. Ra7 b6 31. Bd2 cxb5 32. cxb6 Rxb6 33. Ba5 Kc6 34. Bxb6 1-0

[Event "Madrid-ch sf"]
[Site "Madrid"]
[Date "2006.01.24"]
[Round "8"]
[White "Gonzalez Somoza, Oliver"]
[Black "Elissalt Cardenas, Hector"]
[Result "1/2-1/2"]
[WhiteElo "2218"]
[BlackElo "2346"]
[PlyCount "91"]
[EventDate "2006.01.09"]
[EventType "swiss"]
[EventRounds "9"]
[EventCountry "ESP"]
[SourceTitle "CBM 110 Extra"]
[Source "ChessBase"]
[SourceDate "2006.03.10"]
[SourceVersion "2"]
[SourceVersionDate "2006.03.10"]
[SourceQuality "1"]

1. e4 e6 2. d4 d5 3. e5 c5 4. c3 Qb6 5. Nf3 Bd7 6. Be2 cxd4 7. Nxd4 Nc6 8. Nxc6 bxc6 9. 0-0 Ne7 10. b4 Qc7 11. f4 a5 12. bxa5 Nf5 13. g4 Bc5+ 14. Kh1 Ne3 15. Bxe3 Bxe3 16. Qd3 Ba7 17. a6 0-0 18. Nd2 f6 19. Nf3 Bc8 20. exf6 gxf6 21. Nd4 c5 22. Nb5 Qc6 23. Nxa7 Rxa7 24. Qf3 Bxa6 25. Bxa6 Rxa6 26. Rfd1 Rd8 27. Rd2 d4 28. Qxc6 Rxc6 29. Rad1 Rcd6 30. cxd4 Rxd4 31. Rxd4 cxd4 32. Kg2 e5 33. Kf3 Kf7 34. fxe5 fxe5 35. Ke4 Ke6 36. Rb1 d3 37. Rd1 Rd4+ 38. Ke3 Rxg4 39. Rxd3 Rh4 40. Rd2 Rh3+ 41. Ke4 Ra3 42. Rb2 Ra4+ 43. Ke3 h5 44. Rf2 Ra3+ 45. Ke4 Ra4+ 46. Ke3 1/2-1/2

[Event "Madrid-ch sf"]
[Site "Madrid"]
[Date "2006.01.09"]
[Round "1"]
[White "Barahona Torrijos, Angel"]
[Black "Gonzalez Somoza, Oliver"]
[Result "0-1"]
[WhiteElo "2045"]
[BlackElo "2218"]
[PlyCount "70"]
[EventDate "2006.01.09"]
[EventType "swiss"]
[EventRounds "9"]
[EventCountry "ESP"]
[SourceTitle "CBM 110 Extra"]
[Source "ChessBase"]
[SourceDate "2006.03.10"]
[SourceVersion "2"]
[SourceVersionDate "2006.03.10"]
[SourceQuality "1"]

1. e4 c5 2. a3 e6 3. b4 Nf6 4. e5 Nd5 5. c4 Nc7 6. bxc5 Bxc5 7. Qg4 Bf8 8. d4 d5 9. Bg5 Qd7 10. Nc3 dxc4 11. Bxc4 b5 12. Bd3 b4 13. axb4 Bxb4 14. Bd2 Bxc3 15. Bxc3 0-0 16. Nf3 Nd5 17. Bxh7+ Kxh7 18. Qh5+ Kg8 19. Ng5 Re8 20. Bb2 Nc6 21. Qh7+ Kf8 22. Ba3+ Ncb4 23. Qh8+ Ke7 24. Qxg7 Rf8 25. Ne4 Qb5 26. Qg5+ Kd7 27. Rc1 a5 28. Rc5 Nd3+ 29. Kd2 Nxc5 30. Nxc5+ Ke8 31. Ne4 Qa4 32. Ra1 Qxd4+ 33. Ke2 Ba6+ 34. Kf3 Qd3+ 35. Kg4 Qxe4+ 0-1

[Event "Madrid op1"]
[Site "Madrid"]
[Date "2005.09.29"]
[Round "8"]
[White "Blanco Sanjuan, Jorge"]
[Black "Gonzalez Somoza, Oliver"]
[Result "0-1"]
[WhiteElo "2129"]
[BlackElo "2206"]
[PlyCount "74"]
[EventDate "2005.09.22"]
[EventType "swiss"]
[EventRounds "9"]
[EventCountry "ESP"]
[SourceTitle "CBM 108 Extra"]
[Source "ChessBase"]
[SourceDate "2005.11.04"]
[SourceVersion "1"]
[SourceVersionDate "2005.11.04"]
[SourceQuality "1"]

1. d4 d5 2. c4 Nc6 3. Nf3 e5 4. e3 Bg4 5. dxe5 dxc4 6. Qa4 Bxf3 7. gxf3 Qd5 8. Nc3 Bb4 9. Bd2 Qxf3 10. Rg1 Nge7 11. Be2 Qf5 12. f4 Bxc3 13. bxc3 Qh3 14. Bg4 Qh4+ 15. Kf1 Qxh2 16. Be1 h5 17. Bf3 Qh3+ 18. Ke2 Qe6 19. Rb1 0-0 20. Qc2 Rad8 21. Bxh5 Rd3 22. Bf3 Nd5 23. Bd2 Rd8 24. Rbd1 Qh3 25. Be4 Nxc3+ 26. Qxc3 Rxc3 27. Bxc3 Rxd1 28. Rxd1 Qh2+ 29. Kf1 Qxa2 30. Rd7 Qb3 31. Bd4 g6 32. e6 Nxd4 33. e7 Qd1+ 34. Kf2 Qe2+ 35. Kg3 Qxe3+ 36. Kg4 f5+ 37. Kg5 Qxe4 0-1

[Event "Madrid op1"]
[Site "Madrid"]
[Date "2005.09.24"]
[Round "3"]
[White "Gonzalez Somoza, Oliver"]
[Black "Del Alamo Jimenez Montill, Elias L"]
[Result "1-0"]
[WhiteElo "2206"]
[BlackElo "2034"]
[PlyCount "87"]
[EventDate "2005.09.22"]
[EventType "swiss"]
[EventRounds "9"]
[EventCountry "ESP"]
[SourceTitle "CBM 108 Extra"]
[Source "ChessBase"]
[SourceDate "2005.11.04"]
[SourceVersion "1"]
[SourceVersionDate "2005.11.04"]
[SourceQuality "1"]

1. e4 c5 2. Nf3 d6 3. d4 cxd4 4. Nxd4 g6 5. Be3 Bg7 6. Nc3 Nf6 7. f3 Nc6 8. Qd2 Nxd4 9. Bxd4 0-0 10. Be2 Qa5 11. 0-0-0 Be6 12. Kb1 Kh8 13. h4 Rac8 14. b3 Nh5 15. Nb5 Qxd2 16. Rxd2 a6 17. Bxg7+ Kxg7 18. Na3 Ng3 19. Rhd1 Nxe2 20. Rxe2 b5 21. Kb2 b4 22. Nb1 Rc5 23. c3 a5 24. cxb4 axb4 25. Rd4 Rb8 26. Rc2 Rbc8 27. Rxc5 dxc5 28. Rd1 c4 29. bxc4 Rxc4 30. Rd8 Rc7 31. Nd2 Rc3 32. Rd4 Ra3 33. Nb3 Ra5 34. Rd8 Bc4 35. g4 h5 36. gxh5 gxh5 37. Rc8 Bf1 38. Rc5 Kh6 39. Rc7 Ra6 40. e5 Re6 41. f4 Bg2 42. Nd4 Ra6 43. Nf5+ Kh7 44. Rc4 1-0